[Event "XXXVI Open Internacional d'Esc"]
[Site "Badalona (Spain)"]
[Date "2010.08.05"]
[Round "4"]
[Board "1"]
[White "Quesada Perez, Yuniesky"]
[Black "Gonzalez Perez, Arian"]
[Result "1/2-1/2"]
[WhiteElo "2603"]
[BlackElo "2403"]
[PlyCount "41"]
[EventDate "2010.08.02"]
[EventRounds "9"]
[EventCountry "ESP"]

1.e4 c5 2.Nf3 Nc6 3.Bb5 d6 4.O-O Bd7 5.c3 Nf6 6.Re1 a6 7.Ba4 b5 8.Bc2 Bg4 9.a4
g6 10.axb5 axb5 11.Rxa8 Qxa8 12.Na3 b4 13.Nb5 Qb7 14.Ba4 Bg7 15.cxb4 O-O 16.bxc5
dxc5 17.d4 Nd7 18.d5 Nce5 19.Nc3 Bxf3 20.gxf3 c4 21.Rf1

[Event "XXXVI Open Internacional d'Esc"]
[Site "Badalona (Spain)"]
[Date "2010.08.05"]
[Round "4"]
[Board "1"]
[White "Anikaev, Yuri N"]
[Black "Bruzon Batista, Lazaro"]
[Result "0-1"]
[WhiteElo "2411"]
[BlackElo "2653"]
[PlyCount "76"]
[EventDate "2010.08.02"]
[EventRounds "9"]
[EventCountry "ESP"]

1.Nf3 g6 2.d4 Bg7 3.g3 d6 4.Bg2 Nd7 5.O-O e5 6.e4 Ngf6 7.Re1 O-O 8.c4 exd4
9.Nxd4 Ne5 10.b3 Ne8 11.f4 c5 12.fxe5 cxd4 13.exd6 Nxd6 14.Ba3 Re8 15.Nd2 h5
16.Qf3 d3 17.Rac1 Bg4 18.Qxd3 Nb5 19.Qxd8 Raxd8 20.cxb5 Rxd2 21.e5 Bxe5 22.Bxb7
Bd4+ 23.Kh1 Rb8 24.Bc6 Rxa2 25.Bc5 Bxc5 26.Rxc5 Rd8 27.Re8+ Rxe8 28.Bxe8 Kf8
29.Bc6 Ke7 30.Bd5 Rd2 31.Bc4 Bh3 32.Re5+ Kd6 33.Re1 f5 34.Bf7 Bg2+ 35.Kg1 Be4
36.Bxg6 h4 37.gxh4 Rg2+ 38.Kf1 Rxg6

[Event "XXXVI Open Internacional d'Esc"]
[Site "Badalona (Spain)"]
[Date "2010.08.05"]
[Round "4"]
[Board "1"]
[White "Vidarte Morales, Arturo"]
[Black "Narciso Dublan, Marc"]
[Result "0-1"]
[WhiteElo "2409"]
[BlackElo "2540"]
[PlyCount "116"]
[EventDate "2010.08.02"]
[EventRounds "9"]
[EventCountry "ESP"]

1.c4 b6 2.Nc3 Bb7 3.Nf3 e6 4.d4 Bb4 5.Bg5 Bxc3+ 6.bxc3 f6 7.Bh4 Ne7 8.e3 Nf5
9.Bg3 Nc6 10.Nd2 d6 11.Bd3 Nce7 12.e4 Nxg3 13.hxg3 Qd7 14.Qh5+ g6 15.Qh4 f5
16.a4 O-O-O 17.a5 fxe4 18.Bxe4 d5 19.Bf3 Nf5 20.Qf4 Rhf8 21.axb6 axb6 22.Qe5
dxc4 23.O-O Bxf3 24.Nxf3 Qd5 25.Ra7 Nd6 26.Qe3 Nb5 27.Ra4 Kb7 28.Rb4 Nd6 29.Rfb1
Ra8 30.Qe2 Ra3 31.Rc1 Rfa8 32.Ne5 Ra2 33.Qf1 Ne4 34.Qxc4 Qxc4 35.Nxc4 Rxf2
36.Re1 Raa2 37.Rxe4 Rxg2+ 38.Kf1 Raf2+ 39.Ke1 Rc2 40.Kf1 Rcf2+ 41.Ke1 Rc2 42.Kf1
Rxg3 43.Ne3 Rf3+ 44.Ke1 Rxc3 45.Ke2 Rh3 46.Rxe6 g5 47.Kd2 Ra3 48.Nc2 Rad3+
49.Kc1 Rc3 50.Kb2 h5 51.Rg6 g4 52.Rg7 Ka6 53.Rg5 Kb7 54.Rbb5 Ka6 55.Rxh5 c5
56.Rxh3 gxh3 57.Kxc3 Kxb5 58.dxc5 h2

[Event "XXXVI Open Internacional d'Esc"]
[Site "Badalona (Spain)"]
[Date "2010.08.05"]
[Round "4"]
[Board "1"]
[White "Almeida Quintana, Omar"]
[Black "Bukal, Vladimir Jr"]
[Result "1-0"]
[WhiteElo "2559"]
[BlackElo "2381"]
[PlyCount "53"]
[EventDate "2010.08.02"]
[EventRounds "9"]
[EventCountry "ESP"]

1.d4 d5 2.c4 c6 3.Nf3 Nf6 4.Nc3 a6 5.a4 g6 6.Bg5 Ne4 7.Bh4 Qa5 8.e3 Nxc3 9.Qd2
b5 10.c5 b4 11.bxc3 bxc3 12.Qc2 Nd7 13.Bg3 Ra7 14.Rb1 Bg7 15.Be2 O-O 16.O-O e5
17.Rfc1 Re8 18.Bf1 Nxc5 19.dxc5 Bf5 20.Qb3 Bxb1 21.Qb6 Qxa4 22.Qxa7 Qa3 23.Rxb1
c2 24.Ng5 Rf8 25.Rb8 Rxb8 26.Qxf7+ Kh8 27.Bxe5

[Event "XXXVI Open Internacional d'Esc"]
[Site "Badalona (Spain)"]
[Date "2010.08.05"]
[Round "4"]
[Board "1"]
[White "Mestre Bellido, Hector"]
[Black "Bhat, Vinay S"]
[Result "0-1"]
[WhiteElo "2404"]
[BlackElo "2536"]
[PlyCount "94"]
[EventDate "2010.08.02"]
[EventRounds "9"]
[EventCountry "ESP"]

1.e4 e6 2.d4 d5 3.Nd2 h6 4.Ngf3 Nf6 5.e5 Nfd7 6.Bd3 c5 7.O-O Nc6 8.Re1 cxd4 9.a3
g5 10.h3 Bg7 11.b4 Ndxe5 12.Bb2 Nxd3 13.cxd3 Qb6 14.Rb1 O-O 15.Nh2 e5 16.h4 gxh4
17.Qh5 Qb5 18.Ndf3 Qxd3 19.Nxh4 a6 20.Rbd1 Qh7 21.f4 f6 22.f5 Ne7 23.Rf1 Bd7
24.Ng6 Nxg6 25.fxg6 Qh8 26.Bxd4 Be6 27.Bc5 Rfe8 28.Ng4 Rad8 29.Rd2 d4 30.Nf2 f5
31.g4 f4 32.Ne4 Bd5 33.Nd6 Rxd6 34.Bxd6 Bc6 35.Qh3 Bd5 36.Qh5 Bc6 37.Qh3 f3
38.Rc2 Re6 39.Qxf3 Rxg6 40.Qf7+ Kh7 41.Bxe5 Qc8 42.Rf4 d3 43.Rh2 Be8 44.Qc7 Qxc7
45.Bxc7 Rc6 46.Bb8 Rc1+ 47.Kf2 d2

[Event "XXXVI Open Internacional d'Esc"]
[Site "Badalona (Spain)"]
[Date "2010.08.05"]
[Round "4"]
[Board "1"]
[White "Abdalla, Luiz Guilherme Aurelli"]
[Black "Ipatov, Alexander"]
[Result "1/2-1/2"]
[WhiteElo "2253"]
[BlackElo "2507"]
[PlyCount "46"]
[EventDate "2010.08.02"]
[EventRounds "9"]
[EventCountry "ESP"]

1.d4 {[%emt 0:00:00]} Nf6 {[%emt 0:00:00]} 2.c4 g6 3.Nc3 d5 4.Nf3 Bg7 5.Bg5 dxc4
6.e4 c5 7.d5 b5 8.e5 b4 9.exf6 exf6 10.Qe2+ Kf8 11.Be3 bxc3 12.bxc3 Nd7 13.Qxc4
Kg8 14.Be2 f5 15.O-O Nb6 16.Qxc5 Na4 17.Qc4 Nxc3 18.Rac1 a5 19.Rxc3 Ba6 20.Qc6
Bxe2 21.Rfc1 Bxc3 22.Qxc3 Bxf3 23.Bd4 Bxd5

[Event "XXXVI Open Internacional d'Esc"]
[Site "Badalona (Spain)"]
[Date "2010.08.05"]
[Round "4"]
[Board "1"]
[White "Gongora Reyes, Maikel"]
[Black "Van Kooten, Luuk"]
[Result "0-1"]
[WhiteElo "2451"]
[BlackElo "2304"]
[PlyCount "107"]
[EventDate "2010.08.02"]
[EventRounds "9"]
[EventCountry "ESP"]

1.d4 {[%emt 0:00:00]} Nf6 {[%emt 0:00:00]} 2.c4 c5 3.d5 e6 4.Nc3 exd5 5.cxd5 d6
6.Nf3 g6 7.h3 Bg7 8.e4 O-O 9.Bd3 Nh5 10.O-O a6 11.a4 Nd7 12.Re1 Ne5 13.Be2 Nxf3+
14.Bxf3 Qh4 15.a5 Nf4 16.Na4 Bd4 17.Be3 Bxe3 18.Rxe3 Qf6 19.Nb6 Rb8 20.Qc2 g5
21.Bg4 Bxg4 22.hxg4 Rbd8 23.Qc3 Qe7 24.g3 Ng6 25.Kg2 f6 26.f3 Kg7 27.Rh1 h6
28.Ree1 Rh8 29.Nc4 Qd7 30.Ra1 Rde8 31.Ra3 Ne5 32.Ne3 Kg6 33.Rb3 h5 34.gxh5+ Rxh5
35.Rxh5 Kxh5 36.Nf5 Kg6 37.Rb6 Rh8 38.Rxd6 Qb5 39.Qc2 Rh1 40.Ne3 Re1 41.Nc4 Qxc4
42.Qxc4 Nxc4 43.Re6 Re2+ 44.Kh3 Rxb2 45.f4 Ne3 46.fxg5 Kxg5 47.Re8 Kg6 48.Rg8+
Kf7 49.Rc8 c4 50.g4 Rb3 51.g5 fxg5 52.d6 Rd3 53.Kg3 Rxd6 54.Rc5

[Event "XXXVI Open Internacional d'Esc"]
[Site "Badalona (Spain)"]
[Date "2010.08.05"]
[Round "4"]
[Board "1"]
[White "Bromberger, Stefan"]
[Black "Llaneza Vega, Patricia"]
[Result "1-0"]
[WhiteElo "2537"]
[BlackElo "2289"]
[PlyCount "67"]
[EventDate "2010.08.02"]
[EventRounds "9"]
[EventCountry "ESP"]

1.e4 c5 2.Nf3 Nc6 3.d4 cxd4 4.Nxd4 Nf6 5.Nc3 d6 6.Bg5 e6 7.Qd2 a6 8.O-O-O Bd7
9.f3 Be7 10.Kb1 Rc8 11.h4 h6 12.Be3 h5 13.Bg5 Ne5 14.Bd3 b5 15.Rhe1 Qb6 16.Nce2
b4 17.Be3 Qb7 18.Ng3 a5 19.Bg5 Qb6 20.Bf1 Nc4 21.Bxc4 Rxc4 22.e5 Nd5 23.Ngf5
Nc3+ 24.Ka1 Nxd1 25.Nxg7+ Kf8 26.Bxe7+ Kxe7 27.Rxd1 d5 28.Qg5+ Kf8 29.Nxh5 Rg8
30.Qh6+ Ke7 31.Qf6+ Kf8 32.Nf5 Qc5 33.Qd8+ Be8 34.Nf6

[Event "XXXVI Open Internacional d'Esc"]
[Site "Badalona (Spain)"]
[Date "2010.08.06"]
[Round "5"]
[Board "1"]
[White "Konguvel, Ponnuswamy"]
[Black "Quesada Perez, Yuniesky"]
[Result "0-1"]
[WhiteElo "2416"]
[BlackElo "2603"]
[PlyCount "126"]
[EventDate "2010.08.02"]
[EventRounds "9"]
[EventCountry "ESP"]

1.e4 c5 2.Nf3 Nc6 3.d4 cxd4 4.Nxd4 Qc7 5.c4 Nf6 6.Nc3 e6 7.Be2 a6 8.a3 Bc5 9.Be3
d6 10.b4 Bxd4 11.Bxd4 Nxd4 12.Qxd4 e5 13.Qe3 Be6 14.Rc1 O-O 15.O-O Rfd8 16.Rfd1
Rab8 17.h3 h6 18.Nd5 Bxd5 19.exd5 a5 20.Bf3 axb4 21.axb4 b6 22.Be4 Ra8 23.Bc2
Ra2 24.Bb3 Ra3 25.Rc3 Nd7 26.Qc1 Rda8 27.Rg3 Kh8 28.Kh2 Qd8 29.Rdd3 Ra1 30.Qb2
f5 31.Rdf3 Qf6 32.Bc2 R8a2 33.Qb3 e4 34.Bxe4 Ra3 35.Qc2 Rxf3 36.Bxf3 Qe5 37.Qe2
f4 38.Rg6 Qxe2 39.Bxe2 Nf6 40.c5 bxc5 41.bxc5 dxc5 42.d6 Ra2 43.d7 Rd2 44.Bg4 c4
45.Bf5 c3 46.h4 Rxd7 47.g4 Rd5 48.Kh3 h5 49.g5 Rxf5 50.gxf6 Rxf6 51.Rg1 Rc6
52.Rc1 c2 53.Kg2 Rc3 54.Kf1 Kh7 55.Ke2 Kg6 56.Kd2 Rc7 57.Rg1+ Kf5 58.Kc1 Ke4
59.Rg5 Kf3 60.Rxh5 Kxf2 61.Rg5 f3 62.h5 Ke2 63.Re5+ Kf1

[Event "XXXVI Open Internacional d'Esc"]
[Site "Badalona (Spain)"]
[Date "2010.08.06"]
[Round "5"]
[Board "1"]
[White "Corrales Jimenez, Fidel"]
[Black "Gonzalez Perez, Arian"]
[Result "1-0"]
[WhiteElo "2574"]
[BlackElo "2403"]
[PlyCount "61"]
[EventDate "2010.08.02"]
[EventRounds "9"]
[EventCountry "ESP"]

1.e4 c5 2.Nf3 d6 3.d4 cxd4 4.Nxd4 Nf6 5.Nc3 g6 6.Be3 Bg7 7.f3 O-O 8.Qd2 Nc6
9.O-O-O d5 10.exd5 Nxd5 11.Nxc6 bxc6 12.Bd4 Nxc3 13.Qxc3 Bh6+ 14.Be3 Bxe3+
15.Qxe3 Qb6 16.Qxe7 Be6 17.Qa3 Rad8 18.Bd3 Rd5 19.b3 Rfd8 20.Rde1 Rd4 21.Re5
R8d5 22.Rhe1 Rxe5 23.Rxe5 Rh4 24.Qe7 Qg1+ 25.Kb2 Qd4+ 26.Ka3 Rxh2 27.Rxe6 fxe6
28.Bc4 Qf4 29.Bxe6+ Kh8 30.g3 Qxf3 31.Bf7

[Event "XXXVI Open Internacional d'Esc"]
[Site "Badalona (Spain)"]
[Date "2010.08.06"]
[Round "5"]
[Board "1"]
[White "Narciso Dublan, Marc"]
[Black "Munoz Pantoja, Miguel"]
[Result "1-0"]
[WhiteElo "2540"]
[BlackElo "2494"]
[PlyCount "99"]
[EventDate "2010.08.02"]
[EventRounds "9"]
[EventCountry "ESP"]

1.d4 c5 2.d5 Nf6 3.c4 g6 4.Nc3 Bg7 5.g3 O-O 6.Bg2 d6 7.Nf3 e5 8.O-O Ne8 9.e4 f5
10.exf5 gxf5 11.Ng5 e4 12.f3 Bd4+ 13.Kh1 e3 14.f4 Qe7 15.Ne2 Bf6 16.Rf3 Bxg5
17.Rxe3 Qg7 18.fxg5 Nd7 19.Nf4 Ne5 20.Qe2 Bd7 21.Bd2 Ng4 22.Rb3 Nc7 23.h3 Rae8
24.Ne6 Nxe6 25.dxe6 Rxe6 26.Bd5 Qf7 27.Qf1 Bc6 28.Bxc6 bxc6 29.hxg4 Re4 30.Rf3
Rxg4 31.Bf4 Re8 32.Re1 Re4 33.Rxe4 fxe4 34.Rf2 Qe6 35.Rh2 Qf5 36.Qe2 Kg7 37.Rf2
Qe6 38.Qe3 d5 39.Re2 Kg6 40.Rh2 h5 41.gxh6 Kh7 42.Qxc5 Qf7 43.Qxc6 Rg5 44.Qc7
Qxc7 45.Bxc7 d4 46.Bf4 Ra5 47.Rd2 d3 48.b3 Rf5 49.Kg2 Kg6 50.Kf2

[Event "XXXVI Open Internacional d'Esc"]
[Site "Badalona (Spain)"]
[Date "2010.08.06"]
[Round "5"]
[Board "1"]
[White "Bruzon Batista, Lazaro"]
[Black "Bhat, Vinay S"]
[Result "1-0"]
[WhiteElo "2653"]
[BlackElo "2536"]
[PlyCount "67"]
[EventDate "2010.08.02"]
[EventRounds "9"]
[EventCountry "ESP"]

1.e4 e5 2.Nf3 Nc6 3.Bb5 a6 4.Ba4 Nf6 5.O-O Be7 6.d3 b5 7.Bb3 d6 8.a4 Bd7 9.Nbd2
O-O 10.Re1 Na5 11.Ba2 c5 12.Nf1 bxa4 13.Ne3 Rb8 14.h3 Ne8 15.Nf5 Nc7 16.h4 a3
17.bxa3 Bxf5 18.exf5 Bxh4 19.Nxh4 Qxh4 20.Qf3 Rb6 21.Re4 Qf6 22.Qh5 Nc6 23.Rh4
h6 24.Bxh6 gxh6 25.Rg4+ Kh7 26.Bxf7 Rxf7 27.Rg6 Qg7 28.Rxg7+ Kxg7 29.Qg6+ Kf8
30.Qxd6+ Kg8 31.Qxc5 Na8 32.Qd5 a5 33.Re1 Ra6 34.Re3

[Event "XXXVI Open Internacional d'Esc"]
[Site "Badalona (Spain)"]
[Date "2010.08.06"]
[Round "5"]
[Board "1"]
[White "Van Kooten, Luuk"]
[Black "Almeida Quintana, Omar"]
[Result "1/2-1/2"]
[WhiteElo "2304"]
[BlackElo "2559"]
[PlyCount "100"]
[EventDate "2010.08.02"]
[EventRounds "9"]
[EventCountry "ESP"]

1.d4 g6 2.c4 Bg7 3.e4 d6 4.Nc3 c6 5.Be3 a6 6.Qd2 b5 7.a3 Nf6 8.d5 bxc4 9.Bxc4
O-O 10.h3 Bb7 11.Nf3 Nbd7 12.O-O Nb6 13.Ba2 cxd5 14.exd5 Rc8 15.Qd3 Rxc3 16.bxc3
Nbxd5 17.Bg5 Qa8 18.Rab1 e5 19.Nd2 Bc6 20.f3 Qa7+ 21.Kh2 Qc5 22.Bxf6 Nxf6 23.Ne4
Nxe4 24.fxe4 Bb5 25.Qd5 Bxf1 26.Qxc5 dxc5 27.Rxf1 Bh6 28.Rf6 a5 29.Bd5 Bd2 30.c4
Bc1 31.a4 Kg7 32.Ra6 Bd2 33.Ra8 Rxa8 34.Bxa8 f5 35.Kg3 Kf6 36.Kf3 Kg5 37.Bc6 Kh4
38.Bd5 Be1 39.Bc6 Bc3 40.Bd5 h5 41.Bc6 Bd4 42.Bd5 fxe4+ 43.Bxe4 g5 44.Bf5 g4+
45.hxg4 Kg5 46.Be4 hxg4+ 47.Ke2 Kf4 48.Kd3 Kg3 49.Ke2 Kf4 50.Kd3 Kg3

[Event "XXXVI Open Internacional d'Esc"]
[Site "Badalona (Spain)"]
[Date "2010.08.06"]
[Round "5"]
[Board "1"]
[White "Alberto, Manuel"]
[Black "Larino Nieto, David"]
[Result "0-1"]
[WhiteElo "2140"]
[BlackElo "2461"]
[PlyCount "60"]
[EventDate "2010.08.02"]
[EventRounds "9"]
[EventCountry "ESP"]

1.e4 e5 2.Nf3 Nc6 3.Bb5 Nd4 4.Nxd4 exd4 5.O-O c6 6.Bc4 Nf6 7.e5 d5 8.exd6 Bxd6
9.Re1+ Kf8 10.h3 Qc7 11.d3 b5 12.Bb3 Bb7 13.Bg5 Nd7 14.Qh5 Ne5 15.Nd2 c5 16.f4
Ng6 17.Re2 h6 18.Be7+ Bxe7 19.f5 c4 20.fxg6 cxb3 21.Rf1 Bf6 22.Nxb3 fxg6 23.Qxg6
Qf7 24.Qf5 Kg8 25.Ref2 Rf8 26.Qxb5 Qd5 27.Qa4 Kh7 28.Qxa7 Bh4 29.Rf3 Rxf3
30.Rxf3 Ra8

[Event "XXXVI Open Internacional d'Esc"]
[Site "Badalona (Spain)"]
[Date "2010.08.06"]
[Round "5"]
[Board "1"]
[White "Grafl, Florian"]
[Black "Bromberger, Stefan"]
[Result "1/2-1/2"]
[WhiteElo "2416"]
[BlackElo "2537"]
[PlyCount "28"]
[EventDate "2010.08.02"]
[EventRounds "9"]
[EventCountry "ESP"]

1.e4 e6 2.d4 d5 3.Bd3 c5 4.exd5 exd5 5.Nf3 c4 6.Be2 Nf6 7.O-O Nc6 8.b3 cxb3
9.cxb3 Be7 10.Ne5 O-O 11.Nxc6 bxc6 12.Nc3 a5 13.Ba3 Re8 14.Bxe7 Qxe7

[Event "XXXVI Open Internacional d'Esc"]
[Site "Badalona (Spain)"]
[Date "2010.08.06"]
[Round "5"]
[Board "1"]
[White "Lorenzo De La Riva, Lazaro"]
[Black "Gonzalez Garcia, Jose"]
[Result "0-1"]
[WhiteElo "2407"]
[BlackElo "2508"]
[PlyCount "149"]
[EventDate "2010.08.02"]
[EventRounds "9"]
[EventCountry "ESP"]

1.e4 {[%emt 0:00:00]} c5 {[%emt 0:00:00]} 2.Nf3 e6 3.d4 cxd4 4.Nxd4 Nc6 5.Nb5 d6
6.Bf4 e5 7.Be3 a6 8.N5c3 Nf6 9.Bg5 Be7 10.Bxf6 Bxf6 11.Nd5 Be6 12.Nbc3 Bg5
13.Bd3 Rc8 14.O-O O-O 15.a4 Ne7 16.Nxe7+ Bxe7 17.Be2 Qb6 18.Rb1 Qd4 19.Bd3 g6
20.Kh1 Bg5 21.Ra1 Kg7 22.a5 Qb4 23.Qb1 Bd8 24.Ra4 Qc5 25.Qa1 Bg5 26.Ne2 Kg8
27.Qe1 Bh6 28.Qb4 Bd7 29.Nc3 Bd2 30.Qxc5 Rxc5 31.Ra3 Bxc3 32.bxc3 Bc6 33.Kg1 Kg7
34.f3 d5 35.exd5 Bxd5 36.Re1 Bc6 37.Be4 Rd8 38.Bxc6 bxc6 39.Kf2 Rd2+ 40.Re2 Rdd5
41.Rb3 Rxa5 42.Rb7 Rac5 43.Ra7 a5 44.Re3 Rd2+ 45.Re2 Rdd5 46.Re3 Rd2+ 47.Re2
Rxe2+ 48.Kxe2 Rxc3 49.Kd2 Rc5 50.Kd3 Rd5+ 51.Ke2 Kf6 52.Ra6 Rc5 53.Kd3 Ke6
54.Ra7 Rd5+ 55.Ke3 Rc5 56.Kd3 Rd5+ 57.Ke3 h5 58.h4 Rc5 59.Kd3 Rd5+ 60.Ke3 f6
61.g4 Rd4 62.gxh5 gxh5 63.Rxa5 Rxh4 64.Ra6 Rc4 65.Kd3 Rd4+ 66.Ke3 Rc4 67.Kd3 Rf4
68.Ke3 Kd5 69.Ra8 c5 70.Rd8+ Kc4 71.Rc8 Kb4 72.c3+ Kc4 73.Rh8 Kxc3 74.Rxh5 c4
75.Rh8

[Event "XXXVI Open Internacional d'Esc"]
[Site "Badalona (Spain)"]
[Date "2010.08.06"]
[Round "5"]
[Board "1"]
[White "Ipatov, Alexander"]
[Black "Perez Mitjans, Orelvis"]
[Result "1/2-1/2"]
[WhiteElo "2507"]
[BlackElo "2424"]
[PlyCount "95"]
[EventDate "2010.08.02"]
[EventRounds "9"]
[EventCountry "ESP"]

1.d4 g6 2.Nf3 Nf6 3.Bg5 Bg7 4.Nbd2 d6 5.e4 O-O 6.Bd3 Nc6 7.c3 e5 8.h3 Qe8 9.O-O
Nh5 10.g4 Nf6 11.d5 Ne7 12.Nh2 Nd7 13.Kh1 f6 14.Be3 f5 15.f3 f4 16.Bf2 g5 17.b4
h5 18.c4 Rf6 19.c5 Rh6 20.Kg2 Ng6 21.Rc1 Nf6 22.Rh1 Bf8 23.cxd6 Bxd6 24.Nc4 Qe7
25.b5 hxg4 26.Nxg4 Bxg4 27.hxg4 Rxh1 28.Qxh1 Kg7 29.Nxd6 cxd6 30.Qe1 Nxg4
31.fxg4 f3+ 32.Kg3 Rh8 33.Bf1 Qf7 34.Qe3 Nf4 35.Qxf3 Kg6 36.Qa3 Ne2+ 37.Kg2 Rh2+
38.Kxh2 Qxf2+ 39.Bg2 Qh4+ 40.Bh3 Qf2+ 41.Bg2 Qf4+ 42.Kh3 Nxc1 43.Qxd6+ Qf6
44.Qd7 Ne2 45.Qf5+ Kg7 46.Qd7+ Kg6 47.Qf5+ Kg7 48.Qd7+

[Event "XXXVI Open Internacional d'Esc"]
[Site "Badalona (Spain)"]
[Date "2010.08.06"]
[Round "5"]
[Board "1"]
[White "Cruz, Filemon"]
[Black "Mohota, Nisha"]
[Result "1/2-1/2"]
[WhiteElo "2456"]
[BlackElo "2295"]
[PlyCount "123"]
[EventDate "2010.08.02"]
[EventRounds "9"]
[EventCountry "ESP"]

1.c4 c5 2.Nc3 Nc6 3.g3 g6 4.Bg2 Bg7 5.Nf3 d6 6.O-O e5 7.d3 Nge7 8.Ne1 Be6 9.Bg5
h6 10.Bxe7 Qxe7 11.Nc2 O-O 12.a3 Rac8 13.Rb1 Qd8 14.b4 b6 15.Ne3 Kh7 16.Ned5 Ne7
17.Qa4 Nxd5 18.Bxd5 Qe7 19.Bxe6 fxe6 20.Qa6 cxb4 21.Rxb4 e4 22.Nb5 exd3 23.exd3
Ra8 24.d4 e5 25.dxe5 dxe5 26.Rb3 e4 27.Re3 Rf5 28.Qa4 Raf8 29.Qc2 Qc5 30.Qe2 a6
31.Nc3 Bd4 32.Nxe4 Qe7 33.Re1 Bxe3 34.Qxe3 Rf3 35.Qd2 Qf7 36.h4 Re8 37.Kg2 Rf8
38.Qd4 Rxa3 39.Qxb6 Qf3+ 40.Kg1 Rf7 41.Nd6 Qc3 42.Qb1 Rd7 43.Ne4 Qd4 44.h5 Rd3
45.Kg2 gxh5 46.c5 Kg7 47.Nd6 Qd5+ 48.Kg1 Rxg3+ 49.fxg3 Qxc5+ 50.Kh2 Qxd6 51.Qe4
Qf6 52.Re2 Rf7 53.Ra2 Re7 54.Qd3 Re6 55.Qd7+ Kg6 56.Qc8 Qf7 57.Qc4 Rd6 58.Qe4+
Kg7 59.Rb2 Rd7 60.Qe5+ Qf6 61.Qxf6+ Kxf6 62.Rb6+

[Event "XXXVI Open Internacional d'Esc"]
[Site "Badalona (Spain)"]
[Date "2010.08.07"]
[Round "6"]
[Board "1"]
[White "Quesada Perez, Yuniesky"]
[Black "Narciso Dublan, Marc"]
[Result "1/2-1/2"]
[WhiteElo "2603"]
[BlackElo "2540"]
[PlyCount "30"]
[EventDate "2010.08.02"]
[EventRounds "9"]
[EventCountry "ESP"]

1.e4 Nf6 2.e5 Nd5 3.d4 d6 4.Nf3 dxe5 5.Nxe5 c6 6.c4 Nb4 7.Be3 Bf5 8.Nd3 e5
9.Nxb4 Bxb4+ 10.Nc3 Nd7 11.Be2 O-O 12.O-O exd4 13.Qxd4 Qa5 14.a3 Bc5 15.Qf4 Bxe3

[Event "XXXVI Open Internacional d'Esc"]
[Site "Badalona (Spain)"]
[Date "2010.08.07"]
[Round "6"]
[Board "1"]
[White "Corrales Jimenez, Fidel"]
[Black "Bruzon Batista, Lazaro"]
[Result "1/2-1/2"]
[WhiteElo "2574"]
[BlackElo "2653"]
[PlyCount "31"]
[EventDate "2010.08.02"]
[EventRounds "9"]
[EventCountry "ESP"]

1.d4 Nf6 2.c4 e6 3.Nc3 d5 4.Nf3 c5 5.cxd5 Nxd5 6.e4 Nxc3 7.bxc3 Qc7 8.Bb5+ Bd7
9.Bxd7+ Nxd7 10.O-O Be7 11.Rb1 O-O 12.Bg5 Bxg5 13.Nxg5 h6 14.Nf3 Rfd8 15.Qe2
cxd4 16.cxd4

[Event "XXXVI Open Internacional d'Esc"]
[Site "Badalona (Spain)"]
[Date "2010.08.07"]
[Round "6"]
[Board "1"]
[White "Munoz Pantoja, Miguel"]
[Black "Bukal, Vladimir Jr"]
[Result "1-0"]
[WhiteElo "2494"]
[BlackElo "2381"]
[PlyCount "53"]
[EventDate "2010.08.02"]
[EventRounds "9"]
[EventCountry "ESP"]

1.e4 {[%emt 0:00:00]} g6 2.g3 Bg7 3.Bg2 d6 4.Ne2 Nf6 5.O-O O-O 6.h3 c5 7.c3 Nc6
8.d4 e5 9.Be3 exd4 10.cxd4 cxd4 11.Nxd4 Ne5 12.Qb3 Nfd7 13.Rd1 Nc5 14.Qc2 Qa5
15.f4 Ned7 16.Nc3 a6 17.a3 Qc7 18.Nd5 Qd8 19.b4 Ne6 20.Nxe6 fxe6 21.Nc7 Bxa1
22.Nxa8 Qf6 23.Rxd6 Qb2 24.Qd3 Nf6 25.Nb6 Kg7 26.Rd8 Nd5 27.Nc4

[Event "XXXVI Open Internacional d'Esc"]
[Site "Badalona (Spain)"]
[Date "2010.08.07"]
[Round "6"]
[Board "1"]
[White "Almeida Quintana, Omar"]
[Black "Cruz, Jonathan"]
[Result "1/2-1/2"]
[WhiteElo "2559"]
[BlackElo "2437"]
[PlyCount "114"]
[EventDate "2010.08.02"]
[EventRounds "9"]
[EventCountry "ESP"]

1.d4 Nf6 2.Bg5 e6 3.e4 h6 4.Bxf6 Qxf6 5.Nc3 d6 6.Qd2 g6 7.O-O-O Bg7 8.f4 a6
9.Nf3 b5 10.e5 Qe7 11.Bd3 Bb7 12.Be4 Bxe4 13.Nxe4 Nd7 14.h4 h5 15.Kb1 Nb6
16.Rhg1 Nd5 17.Nc3 Nb6 18.Qe2 d5 19.Rd3 Bf8 20.Nd1 Qd7 21.Ne3 O-O-O 22.Rgd1 Kb8
23.Qe1 Ka7 24.g4 Nc4 25.Ng5 Nxe3 26.Qxe3 hxg4 27.Qg3 Rb8 28.Qxg4 b4 29.Rh3 Rh5
30.Qe2 Rb6 31.Re1 Rc6 32.Rd1 Qe8 33.Rdd3 Rb6 34.c3 a5 35.cxb4 axb4 36.Rd1 Be7
37.Rc1 Kb7 38.Rh2 Rh8 39.Qf3 c6 40.h5 gxh5 41.Rxh5 Qg8 42.Rch1 Rxh5 43.Qxh5 b3
44.axb3 Bxg5 45.Qxg5 Qf8 46.Qf6 Ka6 47.Rh8 Qb4 48.Ra8+ Kb5 49.Qd8 Qxd4 50.Ra4
Qg1+ 51.Ka2 Ra6 52.Qd6 Rxa4+ 53.bxa4+ Kxa4 54.Qxc6+ Ka5 55.Qc7+ Qb6 56.Qxf7 Qc5
57.Qb7 Qc4+

[Event "XXXVI Open Internacional d'Esc"]
[Site "Badalona (Spain)"]
[Date "2010.08.07"]
[Round "6"]
[Board "1"]
[White "Bhat, Vinay S"]
[Black "Konguvel, Ponnuswamy"]
[Result "1-0"]
[WhiteElo "2536"]
[BlackElo "2416"]
[PlyCount "97"]
[EventDate "2010.08.02"]
[EventRounds "9"]
[EventCountry "ESP"]

1.d4 Nf6 2.c4 g6 3.Nc3 d5 4.Bg5 Ne4 5.Bh4 Nxc3 6.bxc3 dxc4 7.e3 Be6 8.Nf3 Nd7
9.Be2 Nb6 10.O-O Bg7 11.a4 a5 12.Qc2 O-O 13.Rfb1 f6 14.Nd2 Bf7 15.Rb5 c6 16.Rb2
c5 17.Rab1 Ra6 18.Ne4 Nd7 19.Rxb7 Rc6 20.Ra7 Rc7 21.Rxa5 e5 22.Nd6 cxd4 23.exd4
Rc6 24.Nb7 Qc7 25.Bf3 exd4 26.cxd4 Rb6 27.Bg3 Rxb1+ 28.Qxb1 Qb6 29.Qxb6 Nxb6
30.Ra6 Nd5 31.Rc6 f5 32.Nd6 Rb8 33.h3 f4 34.Bh4 Nb4 35.Rc7 Be6 36.Nxc4 Bxd4
37.Nd2 Nd3 38.a5 g5 39.Be4 gxh4 40.Bxd3 Rb2 41.Rc2 Rb7 42.Nf3 Bf6 43.Rc6 Kf7
44.a6 Ra7 45.Bxh7 Bd5 46.Bg8+ Kxg8 47.Rxf6 Bc4 48.Rxf4 Bxa6 49.Ra4

[Event "XXXVI Open Internacional d'Esc"]
[Site "Badalona (Spain)"]
[Date "2010.08.07"]
[Round "6"]
[Board "1"]
[White "Larino Nieto, David"]
[Black "Van Kooten, Luuk"]
[Result "1-0"]
[WhiteElo "2461"]
[BlackElo "2304"]
[PlyCount "95"]
[EventDate "2010.08.02"]
[EventRounds "9"]
[EventCountry "ESP"]

1.e4 c5 2.Nc3 a6 3.a4 e6 4.g3 Nc6 5.Bg2 Nf6 6.Nge2 Be7 7.O-O Rb8 8.d4 cxd4
9.Nxd4 Qc7 10.Nxc6 bxc6 11.e5 Nd5 12.Ne4 f5 13.Nd6+ Bxd6 14.exd6 Qd8 15.a5 O-O
16.c4 Nf6 17.Qd4 c5 18.Qxc5 Bb7 19.f3 Qc8 20.Be3 f4 21.Bd4 fxg3 22.hxg3 Qe8
23.Be5 Qg6 24.Qe3 Bc6 25.Ra3 Rb4 26.Rc1 Rfb8 27.Qe2 Qh5 28.Bd4 Rb3 29.Rxb3 Rxb3
30.Rc3 Rxc3 31.Bxc3 Qc5+ 32.Kh2 Qh5+ 33.Kg1 Qc5+ 34.Qf2 Qxd6 35.b4 Qd3 36.Qd4
Qg6 37.Qf4 Qd3 38.Bxf6 gxf6 39.Bf1 Qc3 40.b5 axb5 41.cxb5 Bxf3 42.Kf2 Bd5 43.a6
{[%emt 0:00:04]} Qc2+ 44.Be2 e5 45.Qg4+ Kf8 46.Qb4+ Kg8 47.b6 Qf5+ 48.Ke1

[Event "XXXVI Open Internacional d'Esc"]
[Site "Badalona (Spain)"]
[Date "2010.08.07"]
[Round "6"]
[Board "1"]
[White "Gonzalez Garcia, Jose"]
[Black "Bromberger, Stefan"]
[Result "1/2-1/2"]
[WhiteElo "2508"]
[BlackElo "2537"]
[PlyCount "76"]
[EventDate "2010.08.02"]
[EventRounds "9"]
[EventCountry "ESP"]

1.d4 {[%emt 0:00:00]} Nf6 {[%emt 0:00:00]} 2.c4 g6 3.Nf3 Bg7 4.g3 O-O 5.Bg2 d6
6.Nc3 c5 7.d5 e6 8.O-O exd5 9.cxd5 Re8 10.Nd2 b6 11.a4 Nbd7 12.h3 Ba6 13.Nb5 Ne5
14.f4 Ned7 15.e4 Bxb5 16.axb5 a6 17.Qb3 c4 18.Qxc4 Rc8 19.Qe2 axb5 20.Qxb5 Nc5
21.e5 dxe5 22.Nc4 Nxd5 23.fxe5 Nc7 24.Qxb6 Qd4+ 25.Be3 Qxc4 26.Rac1 Qe6 27.Bxc5
Qxe5 28.Bd6 Qd4+ 29.Qxd4 Bxd4+ 30.Kh1 Nb5 31.Bf4 Bxb2 32.Rxc8 Rxc8 33.Bd5 Nc3
34.Bxf7+ Kxf7 35.Bc1+ Ke6 36.Re1+ Ne4 37.Bxb2 Kf5 38.Rf1+ Ke6